[Event "Palmira op-B"]
[Site "Palmira"]
[Date "2022.12.14"]
[Round "1"]
[White "Leon Diaz, Omhes Samuel"]
[Black "Estrada Velandia, Henry Andres"]
[Result "1/2-1/2"]
[WhiteElo "1600"]
[BlackElo "1883"]
[PlyCount "116"]
[EventDate "2022.12.14"]
[EventType "swiss"]
[EventRounds "8"]
[EventCountry "COL"]
[SourceTitle "CBM 211 Extra"]
[Source "ChessBase"]
[SourceDate "2023.01.31"]
[SourceVersion "1"]
[SourceVersionDate "2023.01.31"]
[SourceQuality "1"]

1. e4 e6 2. Nf3 c6 3. Nc3 d5 4. g3 Bd6 5. Bg2 Ne7 6. 0-0 Nd7 7. Re1 0-0 8. e5 Bc7 9. b4 a5 10. b5 c5 11. Na4 b6 12. c3 Ng6 13. d4 c4 14. Qc2 Rb8 15. h4 h6 16. h5 Nh8 17. Bh3 f5 18. exf6 Nxf6 19. Bxe6+ Bxe6 20. Rxe6 Nxh5 21. Ne5 Bxe5 22. dxe5 Qd7 23. Rxb6 Rxb6 24. Nxb6 Qe6 25. Be3 Rb8 26. Kg2 Rxb6 27. Bxb6 Qxb6 28. Qf5 g6 29. Qc8+ Kh7 30. Qd7+ Ng7 31. Rb1 g5 32. e6 Ng6 33. e7 Qb8 34. e8Q Qxe8 35. Qxe8 Nxe8 36. b6 Ne7 37. b7 Nc6 38. b8Q Nxb8 39. Rxb8 Nf6 40. Rb5 Kg6 41. Rxa5 Kf5 42. Kf3 Ke5 43. Rc5 Ne4 44. Ra5 Nxc3 45. Ke3 Nd1+ 46. Ke2 Nc3+ 47. Ke1 Kd4 48. Kd2 Ne4+ 49. Kc2 Nxf2 50. Rb5 Ng4 51. a4 Ne3+ 52. Kc1 c3 53. a5 Kc4 54. Rb8 d4 55. a6 d3 56. Rc8+ Kb3 57. Rb8+ Kc4 58. Rc8+ Kb3 1/2-1/2